Sports Quiz

Random Sports or NFL Quiz

NFL by Throwback helmet Quiz Stats

 Plays Quiz not verified by Sporcle

Score 0/32 Timer 04:00
0 Plays Today
number team % Correct
1Buffalo Bills
98.7%
4Seattle Seahawks
96.1%
10New Orleans Saints
94.9%
9Atlanta Falcons
94.3%
2Tennessee Titans
93.7%
7Houston Texans
93.4%
14Chicago Bears
92.9%
8Baltimore Ravens
92.7%
21Pittsburgh Steelers
92.6%
16San Francisco 49ers
92.2%
20Arizona Cardinals
92.2%
22Miami Dolphins
92.2%
13Minnestoa Vikings
92%
15Cleveland Browns
92%
17St. Louis Rams
92%
18Oakland Raiders
91.8%
number team % Correct
24San Diego Chargers
91.4%
26Detroit Lions
91.4%
23Carolina Panthers
91.1%
28Dallas Cowboys
91.1%
27New England Patriots
90.5%
25Jacksonville Jaguars
90.4%
5Kansas City Chiefs
89.9%
6New York Giants
85.9%
19Denver Broncos
85.4%
11New York Jets
83.7%
31Philadelphia Eagles
82.7%
32Washington Redskins
82.1%
29Tampa Bay Buccaneers
81.8%
3Cincinnati Bengals
76.1%
30Green Bay Packers
53.4%
12Indianapolis Colts
43.5%

You're not logged in!

Compare scores with friends on all Sporcle quizzes.
OR
Log In

Show Comments

Extras

Top Quizzes Today


Score Distribution

Your Account Isn't Verified!

In order to create a playlist on Sporcle, you need to verify the email address you used during registration. Go to your Sporcle Settings to finish the process.

Report this User

Report this user for behavior that violates our Community Guidelines.

Details: